| Tag |
First Indicator |
Second Indicator |
Subfields |
| LEADER |
00000cam a22000007 4500 |
| 001 |
in00004599413 |
| 008 |
850518s1934 enk d 000 0 eng d |
| 005 |
20221109184325.3 |
| 035 |
|
|
|a (OCoLC)ocm12049700
|
| 035 |
|
|
|a (OCoLC)ocm12049700
|
| 040 |
|
|
|a CLO
|b eng
|c CLO
|d OCLCQ
|d NZWBB
|d OCLCG
|d OCLCQ
|d OCLCF
|d OCLCO
|d OCLCQ
|d LVT
|d OCLCQ
|d OCLCO
|
| 019 |
|
|
|a 1170682471
|
| 035 |
|
|
|a (OCoLC)12049700
|z (OCoLC)1170682471
|
| 050 |
|
4 |
|a PE3729.A5
|b W4
|
| 082 |
0 |
4 |
|a 427.09
|2 19
|
| 100 |
1 |
|
|a Weseen, Maurice H.
|q (Maurice Harley),
|d 1890-1941.
|
| 245 |
1 |
2 |
|a A dictionary of American slang,
|c by Maurice H. Weseen ...
|
| 260 |
|
|
|a London,
|b George G. Harrap
|c [©1934]
|
| 300 |
|
|
|a xiii, 543 pages
|
| 336 |
|
|
|a text
|b txt
|2 rdacontent
|
| 337 |
|
|
|a unmediated
|b n
|2 rdamedia
|
| 338 |
|
|
|a volume
|b nc
|2 rdacarrier
|
| 500 |
|
|
|a The Cushing Library Lit/Mitchell copy is a donation from J. Lawrence Mitchell.
|
| 500 |
|
|
|a Accession #: 2020_0001
|
| 650 |
|
0 |
|a English language
|x Slang
|v Dictionaries.
|
| 650 |
|
0 |
|a Americanisms.
|
| 650 |
|
6 |
|a Anglais (Langue)
|z États-Unis
|x Idiotismes.
|
| 650 |
|
7 |
|a Americanisms.
|2 fast
|0 (OCoLC)fst00807480
|
| 650 |
|
7 |
|a English language
|x Slang.
|2 fast
|0 (OCoLC)fst00911645
|
| 655 |
|
7 |
|a Dictionaries.
|2 fast
|0 (OCoLC)fst01423826
|
| 029 |
1 |
|
|a AU@
|b 000007457253
|
| 029 |
1 |
|
|a DEBSZ
|b 08011024X
|
| 029 |
1 |
|
|a GEBAY
|b 9246663
|
| 029 |
1 |
|
|a HEBIS
|b 032193289
|
| 029 |
1 |
|
|a NZ1
|b 2876885
|
| 994 |
|
|
|a Z0
|b TXA
|
| 948 |
|
|
|h HELD BY TXA - 27 OTHER HOLDINGS
|
| 999 |
f |
f |
|s 2e2ad393-e65d-47d1-a630-6923b2eb76dc
|i 11a6df10-aaca-4dab-89be-18a9d28b5cf2
|t 0
|
| 952 |
f |
f |
|p noncirc
|a Texas A&M University
|b College Station
|c Cushing Memorial Library & Archives
|d Cushing: Literature/Mitchell (Does not check out)
|t 0
|e PE3729.A5 W4 1934
|h Library of Congress classification
|i unmediated -- volume
|m A1485290374A
|
| 998 |
f |
f |
|a PE3729.A5 W4 1934
|t 0
|l Cushing: Literature/Mitchell (Does not check out)
|